Who's afraid of spiders ?
| Main Author: | |
|---|---|
| Format: | Book |
| Published: |
London :
Orbis ,
1985
|
| Subjects: |
MARC
| LEADER | 00000cam a2200000 7i4500 | ||
|---|---|---|---|
| 001 | 0000006031 | ||
| 002 | 000006518 | ||
| 005 | 20000330.0 | ||
| 020 | |a T000000527 | ||
| 090 | 0 | 0 | |a JF |b CAR |
| 100 | 1 | |a Carlisle, Richard | |
| 245 | 1 | 0 | |a Who's afraid of spiders ? |c Richard Carlisle ; illustrated by David Anstey |
| 260 | |a London : |b Orbis , |c 1985 | ||
| 300 | |a P.V : |b ill ; |c 19cm. | ||
| 650 | 0 | 0 | |a Children's stories |
| 999 | |a 037859 |b BUKU |c PINJAMAN |e PERPUSTAKAAN KOMUNITI PETALING JAYA | ||